Directory 1961-1985 - Allumni
Đã lưu trong:
| Tác giả chính: | |
|---|---|
| Định dạng: | Sách |
| Ngôn ngữ: | Undetermined |
| Được phát hành: |
Bangkok, Thailand
AIT
1987
|
| Những chủ đề: | |
| Các nhãn: |
Thêm thẻ
Không có thẻ, Là người đầu tiên thẻ bản ghi này!
|
| Thư viện lưu trữ: | Trung tâm Học liệu Trường Đại học Cần Thơ |
|---|
| LEADER | 00472nam a2200181Ia 4500 | ||
|---|---|---|---|
| 001 | CTU_26022 | ||
| 008 | 210402s9999 xx 000 0 und d | ||
| 082 | |a 378.593 | ||
| 082 | |b A832 | ||
| 100 | |a AIT | ||
| 245 | 0 | |a Directory 1961-1985 - Allumni | |
| 245 | 0 | |c AIT | |
| 260 | |a Bangkok, Thailand | ||
| 260 | |b AIT | ||
| 260 | |c 1987 | ||
| 650 | |a universities and colleges - thailand | ||
| 904 | |i Minh, 981005 | ||
| 980 | |a Trung tâm Học liệu Trường Đại học Cần Thơ | ||